Statistics for Counties of Pennsylvania Quiz

Click here to take the quiz!

General Stats

  • This quiz has been taken 8,133 times
  • The average score is 33 of 67

Answer Stats

Population County % Correct
280,566Erie
91%
1,526,006Philadelphia
90%
1,223,348Allegheny
81%
519,445Lancaster
77%
558,979Delaware
73%
625,249Bucks
72%
434,972York
71%
207,820Washington
70%
498,886Chester
67%
799,874Montgomery
66%
411,442Berks
64%
101,407Adams
63%
153,990Centre
63%
169,842Monroe
59%
268,100Dauphin
58%
149,618Franklin
57%
45,200Jefferson
56%
349,497Lehigh
56%
214,437Lackawanna
54%
38,686Greene
53%
170,539Beaver
52%
365,169Westmoreland
50%
183,862Butler
50%
320,918Luzerne
49%
41,981Tioga
49%
43,356Susquehanna
49%
77,742Somerset
48%
88,880Indiana
48%
57,369Pike
47%
116,638Mercer
46%
235,406Cumberland
46%
24,636Juniata
46%
52,822Wayne
45%
297,735Northampton
45%
41,815Warren
45%
148,289Schuylkill
45%
65,249Carbon
45%
31,946Elk
44%
17,457Potter
44%
133,568Lebanon
44%
116,111Lycoming
44%
143,679Cambria
43%
49,762Bedford
43%
94,528Northumberland
43%
62,622Bradford
43%
28,276Wyoming
42%
39,238Clinton
42%
88,765Crawford
41%
136,606Fayette
41%
7,716Forest
41%
127,089Blair
40%
44,947Union
39%
68,941Armstrong
39%
45,969Perry
39%
54,984Venango
39%
81,642Clearfield
38%
91,108Lawrence
38%
46,682Mifflin
38%
14,845Fulton
37%
39,988Clarion
37%
45,913Huntingdon
36%
43,450McKean
36%
18,267Montour
35%
67,295Columbia
33%
39,702Snyder
31%
6,428Sullivan
31%
5,085Cameron
31%

Score Distribution

Percentile by Number Answered

Percent of People with Each Score

Your Score History

You have not taken this quiz